Normal view
MARC view
- Priester, Gayle B.
Entry Personal Name
001 - CONTROL NUMBER
- control field: 41889
003 - CONTROL NUMBER IDENTIFIER
- control field: NUST
005 - DATE AND TIME OF LATEST TRANSACTION
- control field: 20210314132150.0
008 - FIXED-LENGTH DATA ELEMENTS
- fixed length control field: 210314|| aca||aabn | a|a d
040 ## - CATALOGING SOURCE
- Original cataloging agency: NUST
- Transcribing agency: NUST
100 ## - HEADING--PERSONAL NAME
- Personal name: Priester, Gayle B.
670 ## - SOURCE DATA FOUND
- Source citation: Work cat.: (NUST): Jordan, Richard C. 41888, Refrigeration and air conditioning, 1956.
